World atlas = DK world atlas : Digital mapping for the 21st century

Called "the mother of all atlases" by Newsday, DK's World Atlas is the ultimate family reference to the geography of the world. Continent by continent, this atlas covers the physical landscape, topography, and climate, the politics, economic factors, and resources. Further information...

ver descrição completa

Na minha lista:
Detalhes bibliográficos
Autor Corporativo: Dorling Kindersley Limited
Formato: Livro
Idioma:Undetermined
Publicado em: London Dorling Kindersley 2007
Assuntos:
Tags: Adicionar Tag
Sem tags, seja o primeiro a adicionar uma tag!
Thư viện lưu trữ: Trung tâm Học liệu Trường Đại học Cần Thơ
LEADER 00939nam a2200217Ia 4500
001 CTU_158907
008 210402s9999 xx 000 0 und d
020 |c 50 
082 |a 912 
082 |b D711 
110 |a Dorling Kindersley Limited 
245 0 |a World atlas = 
245 0 |b DK world atlas : Digital mapping for the 21st century 
245 0 |c Dorling Kindersley Limited 
260 |a London 
260 |b Dorling Kindersley 
260 |c 2007 
520 |a Called "the mother of all atlases" by Newsday, DK's World Atlas is the ultimate family reference to the geography of the world. Continent by continent, this atlas covers the physical landscape, topography, and climate, the politics, economic factors, and resources. Further information is given in the coverage of each country as well as for the oceans of the world. 
650 |a Atlases 
904 |i Giang 
980 |a Trung tâm Học liệu Trường Đại học Cần Thơ